ਸਿੱਖ ਇਤਿਹਾਸ / (Record no. 57409)

MARC details
000 -LEADER
fixed length control field 01243nam a22002777a 4500
005 - DATE AND TIME OF LATEST TRANSACTION
control field 2011080406576.0
008 - FIXED-LENGTH DATA ELEMENTS--GENERAL INFORMATION
fixed length control field 090728t xxu||||| |||| 00| 0 pun d
010 ## - LCCN (DPL NO)
LC control number PUN-7089-90
020 ## - INTERNATIONAL STANDARD BOOK NUMBER
Terms of availability 45.00 (ਭਾ-1)
020 ## - INTERNATIONAL STANDARD BOOK NUMBER
Terms of availability 32.00 (ਭਾ-2)
035 ## - SYSTEM CONTROL NUMBER
System control number PN-6207-08
037 ## - SOURCE OF ACQUISITION
Source of stock number/acquisition DBAD / PUB
040 ## - CATALOGING SOURCE
Original cataloging agency dpl
Language of cataloging pn
082 ## - DEWEY DECIMAL CLASSIFICATION NUMBER
Classification number 260
100 ## - MAIN ENTRY--PERSONAL NAME
9 (RLIN) 24414
Personal name ਕਰਤਾਰ ਸਿੰਘ
245 ## - TITLE STATEMENT
Title ਸਿੱਖ ਇਤਿਹਾਸ /
Statement of responsibility, etc ਕਰਤਾਰ ਸਿੰਘ
246 ## - VARYING FORM OF TITLE
Title proper/short title Sikh Itihaas
Remainder of title by Kartar Singh
260 ## - PUBLICATION, DISTRIBUTION, ETC. (IMPRINT)
Place of publication, distribution, etc ਅੰਮ੍ਰਿਤਸਰ
Name of publisher, distributor, etc ਸ਼੍ਰੋਮਣੀ ਗੁਰਦੁਆਰਾ ਪ੍ਰਬੰਧਕ ਕਮੇਟੀ
Date of publication, distribution, etc 2010
270 ## - ADDRESS
Address S.G.P.C.
City Amritsar
Postal code 143002
300 4# - PHYSICAL DESCRIPTION
Extent 2 ਭਾਗ (ਭਾ1.456 ਸਫੇ ),(ਭਾ2.280).
Dimensions 18ਸੇਂਮੀ (ਸਜਿਲੱਦ)
600 ## - SUBJECT ADDED ENTRY--PERSONAL NAME
9 (RLIN) 31401
650 ## - SUBJECT ADDED ENTRY--TOPICAL TERM
9 (RLIN) 24431
942 ## - ADDED ENTRY ELEMENTS (KOHA)
Source of classification or shelving scheme Dewey Decimal Classification
Item type Punjabi Bks
Classification part 260
Call number suffix ਕਰਤਾ
Holdings
Withdrawn status Lost status Source of classification or shelving scheme Materials specified (bound volume or other part) Damaged status Not for loan Collection code Home library Current library Date acquired Source of acquisition Cost, normal purchase price Total Checkouts Full call number Barcode Date last seen Copy number Cost, replacement price Koha item type
    Dewey Decimal Classification ਭਾ.1     Non-fiction D.B.Act.Division D.B.Act.Division 07/10/2011 DBAB/PUB 45.00   260 ਕਰਤਾ PN-6207 07/10/2011 1 45.00 Punjabi Bks
    Dewey Decimal Classification ਭਾ.2     Non-fiction D.B.Act.Division D.B.Act.Division 07/10/2011 DBAB/PUB 32.00   260 ਕਰਤਾ PN-6208 07/10/2011 1 32.00 Punjabi Bks

© Delhi Public Library
Hit Counter
free hit counter